| 000 | 00839nam a22003017a 4500 | ||
|---|---|---|---|
| 005 | 20230510114446.0 | ||
| 008 | 230510b2013 |||||||| |||| 00| 0 spa d | ||
| 020 | _a9786077075219 | ||
| 041 | _aESP | ||
| 082 | _a372.657 A282c | ||
| 100 |
_aAgüera, Isabel _976496 |
||
| 245 | _aCuentos y teatrillos "en verde": medioambiente, ecología y otros valores | ||
| 260 | _aMéxico | ||
| 260 | _bAlfaomega | ||
| 260 | _c2013 | ||
| 300 | _a141 páginas | ||
| 650 |
_aEDUCACIÓN _976497 |
||
| 650 |
_aEDUCACIÓN PRIMARIA _976498 |
||
| 650 |
_aESTUDIO DE LA NATURALEZA _976499 |
||
| 650 |
_aMEDIO AMBIENTE _976500 |
||
| 650 |
_aECOLOGÍA _976501 |
||
| 650 |
_aCUENTOS _976502 |
||
| 650 |
_aTEATRO _976503 |
||
| 650 |
_aCONTAMINACIÓN _976504 |
||
| 650 |
_aINCENDIOS FORESTALES _976505 |
||
| 650 |
_aRECICLAJE _976506 |
||
| 942 | _cBK | ||
| 999 |
_c13565 _d13565 |
||